Historic Orient Express Routes Map - Statistics

General Stats
  • This quiz has been taken 53,628 times
  • The average score is 14 of 18
Answers on the Map
Answers color-coded by a green-red scale on the quiz's map according to % correct below.
 
Answer Stats
Answer % Correct
London
100%
Paris
99%
Athens
95%
Istanbul
94%
Vienna
94%
Milan
91%
Budapest
90%
Munich
88%
Sofia
87%
Bucharest
85%
Venice
85%
Zürich
83%
Belgrade
77%
Calais
63%
Strasbourg
59%
Innsbruck
43%
Lausanne
32%
Varna
32%
No matching quizzes found
Score Distribution
Percent of People with Each Score
Percentile by Number Answered
Your Score History
You have not taken this quiz